Public policy and entreprenuership development in Zambia (Record no. 55308)

MARC details
000 -LEADER
fixed length control field 00789nam a2200229 a 4500
003 - CONTROL NUMBER IDENTIFIER
control field CBULib
005 - DATE AND TIME OF LATEST TRANSACTION
control field 20250716112355.0
008 - FIXED-LENGTH DATA ELEMENTS--GENERAL INFORMATION
fixed length control field 091217s1992 ||||||||||||||||| || u
040 ## - CATALOGING SOURCE
Original cataloging agency CBULib
Language of cataloging English
Transcribing agency CBULib
Modifying agency CBULib
Description conventions rda
050 ## - LIBRARY OF CONGRESS CALL NUMBER
Classification number PAPERS/STAFF/
100 ## - MAIN ENTRY--PERSONAL NAME
Personal name Kabeta, H. M
245 10 - TITLE STATEMENT
Title Public policy and entreprenuership development in Zambia
Statement of responsibility, etc /by Kabeta,H.M.
260 ## - PUBLICATION, DISTRIBUTION, ETC. (IMPRINT)
Place of publication, distribution, etc Kitwe
Name of publisher, distributor, etc Copperbelt University, School of Business
Date of publication, distribution, etc 1992
300 ## - PHYSICAL DESCRIPTION
Extent {Various pages}
336 ## - CONTENT TYPE
Source rdacontent
Content type term Text |
Content type code txt
337 ## - MEDIA TYPE
Source rdamedia
Media type term Unmediated |
Media type code n
338 ## - CARRIER TYPE
Source rdacarrier
Carrier type term Volume
Carrier type code nc
650 ## - SUBJECT ADDED ENTRY--TOPICAL TERM
Topical term or geographic name as entry element ENTREPRENUERSHIP
650 #0 - SUBJECT ADDED ENTRY--TOPICAL TERM
9 (RLIN) 4685
Topical term or geographic name as entry element AWARENESS OF SMALL AND MEDIUM SCALE ENTERPRENUEURS
942 ## - ADDED ENTRY ELEMENTS (KOHA)
Source of classification or shelving scheme
Koha item type ZAMBIANA COLLECTION
Holdings
Withdrawn status Lost status Source of classification or shelving scheme Damaged status Not for loan Permanent Location Current Location Shelving location Date acquired Total Checkouts Full call number Barcode Date last seen Price effective from Koha item type
          CBU-MAIN LIBRARY, KITWE. CBU-MAIN LIBRARY, KITWE.   11/30/2022   PAPERS/STAFF 03005121 11/30/2022 11/30/2022 MONOGRAPH